000 00830nam a2200217 4500
001 137292
003 ES-MaACL
005 20250815082231.0
007 t|
008 070214n19501959sp r ||||1| spa d
100 1 _aSamuelson, Paul A.
_9102222
245 1 0 _aCurso de economía moderna /
_cPaul. A. Samuelson ; traducción del inglés y nota preliminar por José Luis Sampedro ; confrontada con la segunda edción americana por Amando Lázaro Ros.
260 _aMadrid :
_bAguilar,
_c[195_?]
300 _aXXVIII, 750 p. ;
_c22 cm.
490 1 _aBiblioteca de ciencias sociales
700 1 _aLázaro Ros, Amando.
_970807
700 1 _aSampedro, José Luis,
_d1917-2013
_9102185
830 0 0 _aBiblioteca de ciencias sociales (Aguilar)
_9220462
852 _aES-MaACL
_jE-2355
_bR.37099
999 _c137292
_d137292